The China Quiz Stats

 Plays Quiz Updated Sep 12, 2017

Also try: The Israel Quiz
Challenge
Share
Tweet
Embed
Score 0/50 Timer 07:00
19 Plays Today
Hint Answer % Correct
Flag ColorRed
98.6%
Flag ColorYellow
97%
Capital CityBeijing
95.1%
Official LanguageStandard Mandarin
92%
Bordering CountryRussia
91.2%
Bordering CountryMongolia
88.1%
Bordering CountryIndia
87.7%
Nationality (Demonym)Chinese
85.8%
Bordering CountryNorth Korea
84.4%
Drives on the...Right (Except Special Administrative Regions)
83%
Official NamePeople's Republic of China
82%
Olympic Host Year 2008
80.2%
Bordering OceanPacific Ocean
80.1%
ContinentAsia
79.9%
Bordering CountryVietnam
78.8%
Bordering CountryNepal
78.8%
Age of Suffrage18
77.9%
Largest CityShanghai
74.3%
Bordering CountryLaos
72.2%
Bordering CountryPakistan
71.9%
Special Administrative RegionHong Kong
67.5%
Major Political PartyCommunist Party
66.6%
Bordering CountryKazakhstan
64.3%
Bordering CountryMyanmar
63.5%
Ancient Northern Border BarrierGreat Wall of China
62.9%
Hint Answer % Correct
Largest ReligionBuddhism
62.5%
First Chairman of the PartyMao Zedong
62.5%
Bordering CountryAfghanistan
61.3%
Bordering CountryBhutan
59.1%
Largest DesertGobi Desert
55.5%
Bordering CountryTajikistan
55.1%
Longest RiverYangtze River
53.4%
Bordering CountryKyrgyzstan
52.6%
Internet Country Code.cn
50.5%
CurrencyChinese Yuan (CNY)
48.7%
PresidentXi Jinping
43.7%
# of Provinces22
42.5%
Highest Point (8,850 m)Mount Everest
39.3%
Last Ruling DynastyQing Dynasty
34.7%
Special Administrative RegionMacau
34.4%
Largest City SquareTiananmen Square
33%
Largest StadiumBeijing National Stadium (Bird's Nest)
20.3%
Largest IslandHainan
17.9%
Premier, State CouncilLi Keqiang
15.7%
Largest Autonomous RegionXinjiang
14.3%
National HolidayOctober 1, 1949
10.7%
National AnthemMarch of the Volunteers
10.2%
Largest LakeQinghai Lake
8.6%
Largest ProvinceQinghai
8.6%
Lowest Point (-154 m)Turpan Pendi
4.5%

You're not logged in!

Compare scores with friends on all Sporcle quizzes.
Join for Free
OR
Log In

You Might Also Like...

Show Comments

Extras

Top Quizzes Today


Score Distribution

Your Account Isn't Verified!

In order to create a playlist on Sporcle, you need to verify the email address you used during registration. Go to your Sporcle Settings to finish the process.

Report this User

Report this user for behavior that violates our Community Guidelines.

Details: